<?xml version="1.0" encoding="UTF-8"?><marc:collection xmlns:marc="http://www.loc.gov/MARC21/slim">
  <marc:record>
    <marc:leader>04639nas a2200637 c 4500</marc:leader>
    <marc:controlfield tag="001">010058680</marc:controlfield>
    <marc:controlfield tag="003">DE-101</marc:controlfield>
    <marc:controlfield tag="005">20250827170804.0</marc:controlfield>
    <marc:controlfield tag="007">tu</marc:controlfield>
    <marc:controlfield tag="008">991118d18751956gw u||p|  ||| 0||||1ger c</marc:controlfield>
    <marc:datafield tag="016" ind1="7" ind2=" ">
      <marc:subfield code="2">DE-600</marc:subfield>
      <marc:subfield code="a">3921-4</marc:subfield>
    </marc:datafield>
    <marc:datafield tag="016" ind1="7" ind2=" ">
      <marc:subfield code="2">DE-101</marc:subfield>
      <marc:subfield code="a">010058680</marc:subfield>
    </marc:datafield>
    <marc:datafield tag="035" ind1=" " ind2=" ">
      <marc:subfield code="a">(DE-599)ZDB3921-4</marc:subfield>
    </marc:datafield>
    <marc:datafield tag="035" ind1=" " ind2=" ">
      <marc:subfield code="a">(OCoLC)1367302761</marc:subfield>
    </marc:datafield>
    <marc:datafield tag="040" ind1=" " ind2=" ">
      <marc:subfield code="a">9001</marc:subfield>
      <marc:subfield code="b">ger</marc:subfield>
      <marc:subfield code="c">DE-101</marc:subfield>
      <marc:subfield code="d">9999</marc:subfield>
    </marc:datafield>
    <marc:datafield tag="041" ind1=" " ind2=" ">
      <marc:subfield code="a">ger</marc:subfield>
    </marc:datafield>
    <marc:datafield tag="042" ind1=" " ind2=" ">
      <marc:subfield code="a">zdb</marc:subfield>
    </marc:datafield>
    <marc:datafield tag="044" ind1=" " ind2=" ">
      <marc:subfield code="c">XA-DE</marc:subfield>
    </marc:datafield>
    <marc:datafield tag="082" ind1="7" ind2="4">
      <marc:subfield code="a">930</marc:subfield>
      <marc:subfield code="a">870</marc:subfield>
      <marc:subfield code="q">DE-600</marc:subfield>
      <marc:subfield code="2">22sdnb</marc:subfield>
    </marc:datafield>
    <marc:datafield tag="084" ind1=" " ind2=" ">
      <marc:subfield code="a">6,14</marc:subfield>
      <marc:subfield code="2">ssgn</marc:subfield>
    </marc:datafield>
    <marc:datafield tag="084" ind1=" " ind2=" ">
      <marc:subfield code="a">FA 1000</marc:subfield>
      <marc:subfield code="a">FB 1675</marc:subfield>
      <marc:subfield code="2">rvk</marc:subfield>
    </marc:datafield>
    <marc:datafield tag="245" ind1="0" ind2="0">
      <marc:subfield code="a">Jahresbericht über die Fortschritte der klassischen Altertumswissenschaft</marc:subfield>
      <marc:subfield code="c">hrsg. von Conrad Bursian [u.a.]</marc:subfield>
    </marc:datafield>
    <marc:datafield tag="246" ind1="1" ind2=" ">
      <marc:subfield code="i">Nebent.:</marc:subfield>
      <marc:subfield code="a">Bursians Jahresbericht</marc:subfield>
    </marc:datafield>
    <marc:datafield tag="246" ind1="1" ind2=" ">
      <marc:subfield code="i">Nebent.:</marc:subfield>
      <marc:subfield code="a">Jahresbericht für Altertumswissenschaft</marc:subfield>
    </marc:datafield>
    <marc:datafield tag="246" ind1="1" ind2=" ">
      <marc:subfield code="i">Abweichender Titel teils</marc:subfield>
      <marc:subfield code="a">Annales de studiorum classicorum progressibus agentes</marc:subfield>
    </marc:datafield>
    <marc:datafield tag="247" ind1="0" ind2="0">
      <marc:subfield code="a">Jahresbericht über die Fortschritte der classischen Alterthumswissenschaft</marc:subfield>
      <marc:subfield code="f">Haupttitel anfangs</marc:subfield>
      <marc:subfield code="g">Earliest title</marc:subfield>
    </marc:datafield>
    <marc:datafield tag="264" ind1="3" ind2="1">
      <marc:subfield code="a">Göttingen</marc:subfield>
      <marc:subfield code="b">Vandenhoeck</marc:subfield>
      <marc:subfield code="c">1875-1956</marc:subfield>
    </marc:datafield>
    <marc:datafield tag="264" ind1=" " ind2="1">
      <marc:subfield code="3">1875 - 1898</marc:subfield>
      <marc:subfield code="a">Berlin</marc:subfield>
      <marc:subfield code="b">Calvary</marc:subfield>
    </marc:datafield>
    <marc:datafield tag="264" ind1="2" ind2="1">
      <marc:subfield code="3">1899-1944</marc:subfield>
      <marc:subfield code="a">Leipzig</marc:subfield>
      <marc:subfield code="b">Reisland</marc:subfield>
    </marc:datafield>
    <marc:datafield tag="336" ind1=" " ind2=" ">
      <marc:subfield code="a">Text</marc:subfield>
      <marc:subfield code="b">txt</marc:subfield>
      <marc:subfield code="2">rdacontent</marc:subfield>
    </marc:datafield>
    <marc:datafield tag="337" ind1=" " ind2=" ">
      <marc:subfield code="a">ohne Hilfsmittel zu benutzen</marc:subfield>
      <marc:subfield code="b">n</marc:subfield>
      <marc:subfield code="2">rdamedia</marc:subfield>
    </marc:datafield>
    <marc:datafield tag="338" ind1=" " ind2=" ">
      <marc:subfield code="a">Band</marc:subfield>
      <marc:subfield code="b">nc</marc:subfield>
      <marc:subfield code="2">rdacarrier</marc:subfield>
    </marc:datafield>
    <marc:datafield tag="362" ind1="0" ind2=" ">
      <marc:subfield code="a">Jg. 1.1873(1875) - 63.1937(1939) = Bd 1-258; 259.1938(1940) - 285.1944/55(1956)</marc:subfield>
    </marc:datafield>
    <marc:datafield tag="363" ind1="0" ind2="0">
      <marc:subfield code="8">1.1\x</marc:subfield>
      <marc:subfield code="a">1</marc:subfield>
      <marc:subfield code="i">1873</marc:subfield>
    </marc:datafield>
    <marc:datafield tag="363" ind1="1" ind2="0">
      <marc:subfield code="8">1.2\x</marc:subfield>
      <marc:subfield code="a">63</marc:subfield>
      <marc:subfield code="i">1937</marc:subfield>
    </marc:datafield>
    <marc:datafield tag="363" ind1="0" ind2="0">
      <marc:subfield code="8">2.1\x</marc:subfield>
      <marc:subfield code="a">259</marc:subfield>
      <marc:subfield code="i">1938</marc:subfield>
    </marc:datafield>
    <marc:datafield tag="363" ind1="1" ind2="0">
      <marc:subfield code="8">2.2\x</marc:subfield>
      <marc:subfield code="a">285</marc:subfield>
      <marc:subfield code="i">1944/55</marc:subfield>
    </marc:datafield>
    <marc:datafield tag="500" ind1=" " ind2=" ">
      <marc:subfield code="a">Repr.: Darmstadt : Wiss. Buchges.</marc:subfield>
    </marc:datafield>
    <marc:datafield tag="515" ind1=" " ind2=" ">
      <marc:subfield code="a">Einzelne Bände der durchgehenden Band-Zählung als Supplement-Band bezeichnet</marc:subfield>
    </marc:datafield>
    <marc:datafield tag="591" ind1=" " ind2=" ">
      <marc:subfield code="a">C!B(ül!)150888,Umlenk.Suppl.</marc:subfield>
    </marc:datafield>
    <marc:datafield tag="655" ind1=" " ind2="7">
      <marc:subfield code="0">(DE-588)4067488-5</marc:subfield>
      <marc:subfield code="0">https://d-nb.info/gnd/4067488-5</marc:subfield>
      <marc:subfield code="0">(DE-101)040674886</marc:subfield>
      <marc:subfield code="a">Zeitschrift</marc:subfield>
      <marc:subfield code="2">gnd-content</marc:subfield>
    </marc:datafield>
    <marc:datafield tag="770" ind1="0" ind2="8">
      <marc:subfield code="i">Supplement</marc:subfield>
      <marc:subfield code="n">Teils Beibl.</marc:subfield>
      <marc:subfield code="t">Biographisches Jahrbuch für Altertumskunde (Nekrologe)</marc:subfield>
      <marc:subfield code="d">Leipzig : Reisland, 1879-1944</marc:subfield>
      <marc:subfield code="w">(DE-600)3923-8</marc:subfield>
      <marc:subfield code="w">(DE-101)010058729</marc:subfield>
    </marc:datafield>
    <marc:datafield tag="770" ind1="0" ind2="8">
      <marc:subfield code="i">Supplement</marc:subfield>
      <marc:subfield code="t">Jahresbericht über Ovid</marc:subfield>
      <marc:subfield code="d">Leipzig : [Verlag nicht ermittelbar], 1914-1919</marc:subfield>
      <marc:subfield code="w">(DE-600)2385580-0</marc:subfield>
      <marc:subfield code="w">(DE-101)985547006</marc:subfield>
    </marc:datafield>
    <marc:datafield tag="770" ind1="0" ind2="8">
      <marc:subfield code="i">Supplement</marc:subfield>
      <marc:subfield code="t">Jahresbericht über die lateinisch schreibenden Juristen, Feldmesser und [späteren] Landwirtschaftsschriftsteller</marc:subfield>
      <marc:subfield code="d">Berlin : Calvary, 1897-1897</marc:subfield>
      <marc:subfield code="w">(DE-600)2430104-8</marc:subfield>
      <marc:subfield code="w">(DE-101)989033465</marc:subfield>
    </marc:datafield>
    <marc:datafield tag="770" ind1="0" ind2="8">
      <marc:subfield code="i">Supplement</marc:subfield>
      <marc:subfield code="t">Jahresbericht über die römischen Juristen für ...</marc:subfield>
      <marc:subfield code="d">Leipzig : Reisland, 1907-1907</marc:subfield>
      <marc:subfield code="w">(DE-600)2430107-3</marc:subfield>
      <marc:subfield code="w">(DE-101)989033503</marc:subfield>
    </marc:datafield>
    <marc:datafield tag="776" ind1="0" ind2="8">
      <marc:subfield code="i">Elektronische Reproduktion</marc:subfield>
      <marc:subfield code="t">Jahresbericht über die Fortschritte der klassischen Altertumswissenschaft</marc:subfield>
      <marc:subfield code="d">Göttingen : Vandenhoeck, 1875-1956</marc:subfield>
      <marc:subfield code="w">(DE-600)2959333-5</marc:subfield>
      <marc:subfield code="w">(DE-101)1176571516</marc:subfield>
    </marc:datafield>
    <marc:datafield tag="785" ind1="0" ind2="0">
      <marc:subfield code="i">Forts.:</marc:subfield>
      <marc:subfield code="t">Lustrum</marc:subfield>
      <marc:subfield code="d">Göttingen : Vandenhoeck &amp; Ruprecht, 1957-</marc:subfield>
      <marc:subfield code="x">0024-7421</marc:subfield>
      <marc:subfield code="w">(DE-600)3428-9</marc:subfield>
      <marc:subfield code="w">(DE-101)010051376</marc:subfield>
    </marc:datafield>
    <marc:datafield tag="787" ind1="0" ind2="8">
      <marc:subfield code="i">2=1; 3=2; 4=3; 8=4; 12=5; 16=6; 20=7; 24=8; 29=9; 33=10; 37=11; 41=12; 45=13; 49=14; 53=15; 57=16; 65=17; 70=18; 74=19; 78=20; 82=21; 86=22; 95=24; 99=25; 103=26; 107=27; 111=28; 115=29; 119=30; 123=31; 128=32; 132=33; 136=34; 141=35; 145=36; 150=37; 155=38; 160=39; 164=40; 169=41; 173=42; 177=43; 177A=44; 177B=45; 181=46; 185=47; 190=48; 194=49; 198=50; 202=51; 206=52; 210=53; 214=54; 219=55; 223=56; 228=57; 233=58; 237=59; 241=60; 245=61; 249=62; 254=63; 258=64; 262=65 von</marc:subfield>
      <marc:subfield code="t">Bibliotheca philologica classica</marc:subfield>
      <marc:subfield code="d">Leipzig : Reisland, 1875-1941</marc:subfield>
      <marc:subfield code="w">(DE-600)3922-6</marc:subfield>
      <marc:subfield code="w">(DE-101)010058702</marc:subfield>
    </marc:datafield>
    <marc:datafield tag="787" ind1="0" ind2="8">
      <marc:subfield code="t">Zugl. alle Bd. von "Bibliotheca scriptorum classicorum et Graecorum et Latinorum"</marc:subfield>
    </marc:datafield>
    <marc:datafield tag="787" ind1="0" ind2="8">
      <marc:subfield code="i">In 12=1878; in 16=1879; in 20=1880; in 24=1881; in 29=N.F.1; in 33=N.F.2; in 37=N.F.3; in 41=N.F.4; in 45=N.F.5; in 53=N.F.7; in 57=N.F.8; in 65=N.F.10; in 74=3.Ser.2 von</marc:subfield>
      <marc:subfield code="t">Jahresbericht über die Fortschritte der klassischen Altertumswissenschaft / Anzeigeblatt. Anzeigeblatt zum Jahresbericht über die Fortschritte der klassischen Altertumswissenschaft</marc:subfield>
      <marc:subfield code="d">Göttingen : Vandenhoeck, 1878-1893</marc:subfield>
      <marc:subfield code="w">(DE-600)221440-4</marc:subfield>
      <marc:subfield code="w">(DE-101)011306947</marc:subfield>
    </marc:datafield>
    <marc:datafield tag="787" ind1="0" ind2="8">
      <marc:subfield code="i">25=1876/85; in 66=1886/90 von</marc:subfield>
      <marc:subfield code="t">Jahresbericht über die Mythologie</marc:subfield>
      <marc:subfield code="d">Göttingen : Vandenhoeck, 1891-1892</marc:subfield>
      <marc:subfield code="w">(DE-600)221441-6</marc:subfield>
      <marc:subfield code="w">(DE-101)011306955</marc:subfield>
    </marc:datafield>
    <marc:datafield tag="787" ind1="0" ind2="8">
      <marc:subfield code="i">137=1898/1905; 186=1906/17 von</marc:subfield>
      <marc:subfield code="t">Bericht über die Literatur zur antiken Mythologie und Religionsgeschichte</marc:subfield>
      <marc:subfield code="d">Göttingen : Vandenhoeck, 1908-1921</marc:subfield>
      <marc:subfield code="w">(DE-600)221442-8</marc:subfield>
      <marc:subfield code="w">(DE-101)011306963</marc:subfield>
    </marc:datafield>
    <marc:datafield tag="787" ind1="0" ind2="8">
      <marc:subfield code="i">In 66=1892 von</marc:subfield>
      <marc:subfield code="t">Jahresbericht über die griechischen Inschriften</marc:subfield>
      <marc:subfield code="d">Göttingen : Vandenhoeck, 1892-1892</marc:subfield>
      <marc:subfield code="w">(DE-600)221443-X</marc:subfield>
      <marc:subfield code="w">(DE-101)011306971</marc:subfield>
    </marc:datafield>
    <marc:datafield tag="787" ind1="0" ind2="8">
      <marc:subfield code="t">Bd. zugl. Bd. der Unterreihen</marc:subfield>
    </marc:datafield>
    <marc:datafield tag="787" ind1="0" ind2="8">
      <marc:subfield code="i">275=1941 u.a. von</marc:subfield>
      <marc:subfield code="t">Biographisches Jahrbuch für Altertumskunde (Nekrologe)</marc:subfield>
      <marc:subfield code="d">Leipzig : Reisland, 1879-1944</marc:subfield>
      <marc:subfield code="w">(DE-600)3923-8</marc:subfield>
      <marc:subfield code="w">(DE-101)010058729</marc:subfield>
    </marc:datafield>
    <marc:datafield tag="850" ind1=" " ind2=" ">
      <marc:subfield code="a">DE-101a</marc:subfield>
      <marc:subfield code="a">DE-101b</marc:subfield>
    </marc:datafield>
  </marc:record>
</marc:collection>
